Las multas y su deducción en el impuesto a las ganancias luego de la reforma tributaria (Registro nro. 20258)
[ vista simple ]
| 000 -LEADER | |
|---|---|
| fixed length control field | 00370 a2200109 4500 |
| 001 - CONTROL NUMBER | |
| control field | ART_49666 |
| 005 - DATE AND TIME OF LATEST TRANSACTION | |
| control field | 20260410161757.0 |
| 008 - FIXED-LENGTH DATA ELEMENTS--GENERAL INFORMATION | |
| fixed length control field | 260409a |
| 100 1# - MAIN ENTRY--PERSONAL NAME | |
| Personal name | Mastandrea, Alberto F. |
| 245 10 - TITLE STATEMENT | |
| Title | Las multas y su deducción en el impuesto a las ganancias luego de la reforma tributaria |
| 773 0# - HOST ITEM ENTRY | |
| Title | Doctrina tributaria |
| Related parts | - N°475 (oct. 2019) |
| Record control number | REV4296 |
No hay ítems disponibles.